000
003010000a22001330004500
003
MACL
040
_a
MACL
090
_c
6669
_d
6668
100
_a
Gandhi, M K
245
_a
Social Servece, Work & Reform
_b
Vol 2
260
_b
Navajivean Publishing House
_c
1976
650
_a
Sociology
942
_c
BOOK
_k
300
999
_c
6621
_d
6621